000
00347nam a2200133 a 4500
005
20140414093847.0
008
110223s19uu xx uuu eng d
050
_a
VCD 550
_b
INC 2006
245
_a
An inconvinient truth :
_b
A global warming.
260
_a
USA :
_b
Paramount,
_c
2006.
650
_a
Global warming
942
_c
AVM
999
_c
109700
_d
109700